Los interdictos de retener o de recobrar y de obra nueva (Record no. 37731)

MARC details
000 -LEADER
campo de control de longitud fija 00508nam a2200145 i 4500
001 - NÚMERO DE CONTROL
campo de control 37731
003 - IDENTIFICADOR DE NÚMERO DE CONTROL
campo de control ES-MaACL
007 - CAMPO FIJO DE DESCRIPCIÓN FÍSICA--INFORMACIÓN GENERAL
campo de control de longitud fija t|
008 - DATOS DE LONGITUD FIJA--INFORMACIÓN GENERAL
campo de control de longitud fija 030221s1984 sp ||||1| spa d
100 1# - ENTRADA PRINCIPAL--NOMBRE DE PERSONA
Nombre de persona Caballero Gea, José-Alfredo.
9 (RLIN) 33107
245 14 - MENCIÓN DEL TÍTULO
Título Los interdictos de retener o de recobrar y de obra nueva
Resto del título : problemática jucicial..., sentencias..., formularios /
Mención de responsabilidad, etc. por José-alfreso Caballero Gea.
260 ## - PUBLICACIÓN, DISTRIBUCIÓN, ETC.
Lugar de publicación, distribución, etc. Pamplona :
Nombre del editor, distribuidor, etc. Aranzadi,
Fecha de publicación, distribución, etc. 1984.
300 ## - DESCRIPCIÓN FÍSICA
Extensión 622 p. ;
Dimensiones 24 cm.
852 ## - LOCALIZACIÓN
Ubicación ES-MaACL
Número de control de estantería L-7279
Sublocalización o colección R.108048
Holdings
Estatus retirado Estado de pérdida Estado de daño No para préstamo Biblioteca de origen Biblioteca actual Ubicación en estantería Fecha de adquisición Fuente de adquisición Total de préstamos Signatura topográfica completa Código de barras Visto por última vez Precio de reemplazo Tipo de ítem Koha
        Biblioteca del Ateneo de Madrid Biblioteca del Ateneo de Madrid Depósito 2 17/01/2008     L-7279 1039721 23/02/2023 23/02/2023 Libro impreso